Statistiques concernant Tous les stades de ligue 1 et ligue 2 2023-2024

Cliquez ici pour prendre le quiz!

Statistiques générales

  • Ce quiz a été pris 115 fois
  • Le résultat moyen est 23 sur 38

Statistiques - réponses

équipesréponses% Correct
LyonGroupama Stadium
97%
MarseilleOrange Vélodrome / Vélodrome
97%
ParisParc des Princes
96%
LensStade Bollaert
88%
MonacoStade Louis II
88%
NantesStade de la Beaujoire / Beaujoire
85%
Saint EtienneStade Geoffroy Guichard / Geoffroy Guichard
84%
LilleDecathlon Arena / Stade Pierre Mauroy
82%
RennesRoazhon Park
81%
NiceAllianz Riviera
79%
StrasbourgStade de la Meinau / Meinau
79%
ToulouseStadium
78%
BordeauxMatmut Atlantique
75%
MontpellierStade de la Mosson / Mosson
75%
BrestStade Francis le Blé / Francis le Blé / le Blé
74%
Le HavreStade Océane
74%
AmiensStade de la Licorne / La Licorne
73%
MetzStade Saint Symphorien / Saint Symphorien
73%
LorientStade du Moustoir / Moustoir
71%
GuingampStade du Roudourou / Roudourou
67%
AngersStade Raymond Kopa / Raymond Kopa
64%
ClermontStade Gabriel Montpied / Gabriel Montpied / Montpied
63%
AuxerreStade de l' Abbé Deschamps / Abbé Deschamps
58%
ReimsStade Auguste Delaune / Delaune
57%
GrenobleStade des Alpes
56%
TroyesStade de l'Aube
55%
Paris FcStade Charléty / Charléty
52%
CaenStade Michel D'Ornano / Michel D'Ornano / D'Ornano
42%
ValenciennesStade du Hainaut / Hainaut
39%
AjaccioStade François Coty / François Coty / Coty
36%
BastiaStade Armand Cesari / Armand Cesari / Cesari
31%
LavalStade Francis le Basser / Le Basser
22%
Quevilly RouenStade Robert Diochon / Robert Diochon / Diochon
22%
PauNouste Camp
20%
RodezStade Paul Lignon / Lignon
16%
DunkerqueStade Marcel Tribut / Tribut
15%
AnnecyParc des Sports d'Annecy
13%
ConcarneauStade Guy Piriou / Guy Piriou / Pirou
11%

Distribution des résultats

Percentile par nombre de réponses

% des personnes avec chaque résultat

Votre développement - résultats

Vous n’avez pas pris ce quiz